000 02313cam a22001934a 4500
005 20250605164208.0
008 250528s ||||||||||||||||||||||||d
035 _a20118
040 _aGR-AtMCL
_bgre
_dGR-AtMCL
_eAACR2
245 1 _aΜύες, Νεύρα και Κίνηση: Κινησιολογία στην Καθημερινή Ζωή / Muscles, Nerves and Movement: Kinesiology in Daily Living
260 _bΕπιστημονικές Εκδόσεις Γρ. Παρισιάνου,
_c1995
300 _a328
520 _aΑυτό το βιβλίο είναι μία προσέγγιση στη μελέτη της κίνησης με έμφαση πάνω στην εκτέλεση των δραστηριοτήτων καθημερινής ζωής. Εισαγωγή στη Κίνηση, Λειτουργικές Μονάδες και Ορολογία και Συστατικά του Νευρικού Συστήματος, Συστατικά του Κινητικού Συστήματος - Λειτουργικές Μονάδες, Ορολογία Κίνησης και Βιομηχανικές Εννοιες, Συστήματα Ελέγχου - Ο Εγκέφαλος και ο Νωτιαίος Μυελός, Συστήματα Σύνδεσης - Περιφερικό Νευρικό Σύστημα, Η Ανατομία της Κίνησης - Οργάνώση και Συνεργασία στην Καθημερινή Ζωή, Πέσεις Κινήσεων - Ο Ώμος και ο Αγκώνας, Κινήσεις Χειρισμών - Το Αντιβράχιο και ο Καρπός και το Χέρι, Τα Νεύρα του Άνω Άκρου,Στήριξη και Προώθηση - Το Κάτω Άκρο, Τα Νεύρα του Κάτω Άκρου και Μερικές Παρατηρήσεις στη Βάδιση, Στάση και Αναπνοή - Ο Κορμός, Ενσωμάτωση της Κίνησης - Ασθητικότητα και Ενέργεια και Εκτέλεση, Αισθητικό Υπόβαθρο της Κίνησης, Κινητικός Έλεγχος, Αφομοίωση και Εκτέλεση, Παρτήματα, Ευρετήριο.
700 1 _aGrieve June I
_96165
700 1 _aTyldesley Barbara
_96166
942 _cBK
999 _c5257
_d5257